| 000 | 01748nam a22002897i 4500 | ||
|---|---|---|---|
| 003 | URS | ||
| 005 | 20251001091330.0 | ||
| 008 | 221227b |||||||| |||| 00| 0 eng d | ||
| 020 |
_a9786210421644 _qpaperback |
||
| 040 |
_beng _cURS _erda |
||
| 050 | 1 | 4 |
_aLB 1575 _b.B67 2021 |
| 100 | 1 |
_aBulusan, Ferdinand _eauthor |
|
| 245 | 1 | 0 |
_aA course module for teaching literacy in the elementary grades through literature / _cFerdinand Bulusan, Ph.D., Marcelo Revines Raquepo, Irene Blanco-Hamada, Ph.D. ; Greg Tabios Pawilen, coordinator |
| 264 | 1 |
_aManila : _bRex Book Store , _c[2021]. |
|
| 300 |
_aviii, 182 pages _bsome illustrations ; _c25 cm |
||
| 336 |
_2rdacontent _atext |
||
| 337 |
_2rdamedia _aunmediated |
||
| 338 |
_2rdacarrier _avolume |
||
| 504 | _aIncludes bibliographical references and index. | ||
| 520 | _a"This module is a tone approaches to aid the beginning educational manager. It is designed to provide teachers with holistic concepts, approaches, techniques, and skills in reshaping the future today. Written in a simple, easy to understand language. A Course Module for Teaching English in the Elementary Grades (Language Arts) gives a straightforward guide to teachers in the elementary grades on how to engage in the educational profession with the major concepts needed in the modern classroom. From an understanding of the K to 12 curriculum to the instructional planning and preparing assessments, this module is nifty little handbook to anyone who seeks to become an effective educator." -- | ||
| 526 | _aBEED | ||
| 650 | 0 |
_aLiterature _xStudy and teaching |
|
| 700 | 1 |
_aRaquepo, Marcelo Revibes _eauthor |
|
| 700 | 1 |
_aBlanco-Hamada, Irene _eauthor |
|
| 700 | 1 |
_aPawilen, Greg T. _ecoordinator. |
|
| 942 |
_cF _2lcc |
||
| 999 |
_c69236 _d69235 |
||